Trước nhà sàn của Bác Hồ về lối sống Việt Nam
Saved in:
| Format: | Book |
|---|---|
| Published: |
1995
|
| Tags: |
Add Tag
No Tags, Be the first to tag this record!
|
| Institutions: | Mạng thư viện Đại học Đà Nẵng |
|---|
| LEADER | 00472nam a22001811a 4500 | ||
|---|---|---|---|
| 001 | 000039166 | ||
| 003 | 15461 | ||
| 005 | 20160412021927.0 | ||
| 008 | 160412s1995 000 | ||
| 082 | |a 4V(TK)762 | ||
| 245 | |a Trước nhà sàn của Bác Hồ về lối sống Việt Nam |c Trọng Đức | ||
| 260 | |c 1995 | ||
| OWN | |a LNN | ||
| 999 | |a From the UDN01 | ||
| TYP | |a Monograph | ||
| 980 | |a Mạng thư viện Đại học Đà Nẵng | ||